| 000 | 00970cam a2200277 i 4500 | ||
|---|---|---|---|
| 001 | 015556625 | ||
| 003 | EG-ScBUE | ||
| 005 | 20240529103730.0 | ||
| 008 | 100517s2010 enkabf f b 001 0 eng d | ||
| 020 | _a9780593066355 (pbk.) : | ||
| 040 |
_aEG-ScBUE _beng _erda _cEG-ScBUE _dEG-ScBUE |
||
| 082 | 0 | 4 |
_a958.1046 _222 _bFER |
| 100 | 1 |
_aFergusson, James, _d1966- _eauthor. _931561 |
|
| 245 | 1 | 0 |
_aTaliban : _bthe true story of the world's most feared Guerrilla fighters / _cJames Fergusson. |
| 264 | 1 |
_aLondon : _bBantam Press, _c2010. |
|
| 300 |
_a310 pages, [16] pages of plates : _bcolor illustrations, maps ; _c24 cm |
||
| 336 |
_2rdacontent _atext _btxt |
||
| 337 |
_aunmediated _2rdamedia _bn |
||
| 338 |
_avolume _bnc _2rdacarrier |
||
| 504 | _aIncludes bibliographical references and index. | ||
| 610 | 2 | 7 |
_aTaliban. _2BUEsh _931562 |
| 651 | 7 |
_aAfghanistan _xHistory _y1989-2001. _2BUEsh _931563 |
|
| 653 | _cNovember2012 | ||
| 655 | _vReading book | ||
| 942 |
_2ddc _cBB |
||
| 999 |
_c17125 _d17097 |
||